[Event "53rd Biel Blitz 2020"]
[Site "Biel"]
[Date "2020.07.25"]
[Round "14.4"]
[White "Harikrishna, Pentala"]
[Black "Edouard, Romain"]
[Result "1-0"]
[WhiteElo "2663"]
[BlackElo "2614"]
[Annotator "TA"]
[PlyCount "73"]
[EventDate "2020.07.21"]
[EventType "tourn"]
[EventCountry "SUI"]
[SourceTitle "playchess.com"]
[Source "ChessBase"]
[SourceQuality "1"]

{[%evp 13,73,0,6,6,10,15,10,3,23,18,13,13,25,-6,0,0,0,0,7,0,0,0,10,0,20,27,62,24,35,22,47,38,22,0,0,0,20,14,25,14,89,78,91,69,89,89,53,21,51,0,0,0,0,-18,-14,-118,677,64,635,597,29988,29989]} 1. e4 c5 2. Nf3 d6 3. c3 Nf6 4. Be2 g6 5. O-O Bg7 6. Bb5+ Bd7 7. Bxd7+ Nbxd7 ({Much weaker is} 7... Kxd7 $6 8. Qb3 $16) 8. Re1 {B50: Sicilian: 2...d6, Miscellaneous.} Ne5 9. d4 Nxf3+ 10. Qxf3 {The position is equal.} cxd4 11. cxd4 O-O 12. Nc3 {[#]} Qb6 $146 ({Predecessor:} 12... Nd7 13. Rd1 Re8 14. Be3 a6 15. Rac1 Nb6 16. b3 Rc8 17. e5 d5 18. h4 Rc6 {0-1 (42) Cabarkapa,N (2314)-Ardeleanu,A (2338) Subotica 2012}) 13. Qd1 e6 14. Rb1 Rac8 {White must now prevent ...Rxc3!} 15. Be3 d5 16. e5 Nd7 17. h4 f6 18. f4 f5 19. h5 Kf7 20. Qa4 Rfd8 21. Bf2 Qc6 22. Nb5 {And now Qb3 would win.} Bf8 $1 23. Qb3 Qb6 $1 24. Qd3 a6 25. Nc3 Be7 26. Qh3 {Threatens to win with hxg6+.} Rg8 {[#]} (26... Kg7 $11 {remains equal.}) 27. Nxd5 $1 $16 {[%mdl 512]} exd5 28. e6+ {[%mdl 64] Double Attack} Ke8 $1 29. exd7+ Kxd7 30. Re5 Bd6 $1 31. hxg6 (31. Re3 $14 Rg7 32. Rb3) 31... Bxe5 $11 32. gxh7 Rh8 $1 {Hoping for ...Bb8.} 33. dxe5 Qg6 34. e6+ (34. Qb3 $11 {keeps the balance.} Rc7 35. Qxd5+ Kc8 36. Kf1) 34... Kxe6 $2 {[%mdl 8192] [#]} (34... Ke8 $17 35. Qd3 Rxh7) 35. Re1+ $2 (35. Qb3 $1 $18 {[%mdl 512]} Qf7 36. Bd4 Rxh7 37. Re1+ Kd7 38. Qxb7+ {[%mdl 64] Double Attack} Rc7 39. Qxa6) 35... Kf7 $2 {[%mdl 8192]} (35... Kd7 $14) 36. Qd3 $18 Qxh7 {[%csl Gh8][%cal Rh7h1]} 37. Qxd5+ {[%mdl 64] Double Attack. Accuracy: White = 71%, Black = 63%.} 1-0